000 00576cam a2200229 4500
001 45138
010 _a9724711188
021 _b117609/97
090 _a45138
100 _a19981109d1998 m y0pory5003 ba
101 1 _apor
102 _aPT
200 1 _aO corpo do bebé
_fRoger Priddy
_gil. Lisa Flather
205 _a1.ª ed.
210 9 _aCacém
_cTexto,
_d1998
215 _a[20] p.
_cil.
_d29 cm
304 _aTít. orig.: Baby's book of the body
675 _a087.5
_vBN
_zpor
700 1 _aPriddy,
_bRoger
702 1 _aFlather,
_bLisa
_4440
801 0 _aPT
_bBN
_gRPC
990 _cLIVROS